| 000 | 00621nam a22001817a 4500 | ||
|---|---|---|---|
| 003 | NUST | ||
| 005 | 20221111100212.0 | ||
| 020 | _a9781478634058 | ||
| 082 | _a303.2,LIT | ||
| 100 |
_aW. Littlejohn, Stephen _9102542 |
||
| 245 |
_aTheories of Human Communication / _cStephen W. Littlejohn, Karen A.Foss, John G. Oetzel |
||
| 250 | _a11th Edition | ||
| 260 |
_aWaveland Press _bUSA _c2017 |
||
| 300 | _a498 p | ||
| 505 | _aPart. I Foundations (Page-3), Part. II Elements of the communication model (Page-51), Part. III Context of communication (Page-223). | ||
| 650 |
_aHuman Communication _9102543 |
||
| 942 |
_2ddc _cREF |
||
| 999 |
_c592288 _d592288 |
||